000
00306nam a22001457a 4500
003
SGT
020
_a
9789395759106
082
_a
346.015
_b
DIW
100
_a
DIWAN PARAS
245
_a
FAMILY LAW
250
_a
13
260
_a
FARIDABAD
_b
ALLAHABAD LAW AGENCY
_c
2023
300
_a
617
942
_2
ddc
_c
BK
_0
21
999
_c
25737
_d
25737